| 000 | 00344nam a22001337a 4500 | ||
|---|---|---|---|
| 020 | _qPB. | ||
| 040 | _cFIZZA ISHAQ | ||
| 082 |
_a570.151 _bTHO |
||
| 100 |
_aQUIRK,J.THOMAS. _990912 |
||
| 245 |
_aEXEL 2016 FOR BIOLOGICAL AND LIFE SCIENCE STATISTICS / _cTHOMAS J.QUIRK. |
||
| 260 |
_aNEW YORK ; _c2016. |
||
| 300 | _a248 P. ; | ||
| 942 |
_2ddc _cBK |
||
| 999 |
_c589099 _d589099 |
||